<?xml version="1.0" encoding="UTF-8"?>
<record
    xmlns:xsi="http://www.w3.org/2001/XMLSchema-instance"
    xsi:schemaLocation="http://www.loc.gov/MARC21/slim http://www.loc.gov/standards/marcxml/schema/MARC21slim.xsd"
    xmlns="http://www.loc.gov/MARC21/slim">

  <leader>00249nam a22001097a 4500</leader>
  <datafield tag="040" ind1=" " ind2=" ">
    <subfield code="c">SY</subfield>
  </datafield>
  <datafield tag="082" ind1=" " ind2=" ">
    <subfield code="a">550</subfield>
  </datafield>
  <datafield tag="100" ind1=" " ind2=" ">
    <subfield code="a">&#x17A2;&#x17CA;&#x17B7;&#x178F; &#x179F;&#x17BB;&#x178F;&#x17D2;&#x1790;&#x17B6;</subfield>
  </datafield>
  <datafield tag="245" ind1=" " ind2=" ">
    <subfield code="a">&#x1795;&#x17C2;&#x1793;&#x1791;&#x17B8;&#x179C;&#x17B7;&#x1791;&#x17D2;&#x1799;&#x17B6;</subfield>
  </datafield>
  <datafield tag="260" ind1=" " ind2=" ">
    <subfield code="a">RUA</subfield>
    <subfield code="b">&#x17A2;&#x17CA;&#x17B7;&#x178F;</subfield>
    <subfield code="c">2011</subfield>
  </datafield>
  <datafield tag="942" ind1=" " ind2=" ">
    <subfield code="c">KB</subfield>
  </datafield>
  <datafield tag="999" ind1=" " ind2=" ">
    <subfield code="c">9323</subfield>
    <subfield code="d">9323</subfield>
  </datafield>
  <datafield tag="952" ind1=" " ind2=" ">
    <subfield code="0">0</subfield>
    <subfield code="1">0</subfield>
    <subfield code="4">0</subfield>
    <subfield code="6">550_000000000000000_&#x17A2;&#x17B7;&#x178F;_2011_C175</subfield>
    <subfield code="7">0</subfield>
    <subfield code="9">51136</subfield>
    <subfield code="a">LBC</subfield>
    <subfield code="b">LBC</subfield>
    <subfield code="c">C175</subfield>
    <subfield code="d">2016-08-31</subfield>
    <subfield code="o">550 &#x17A2;&#x17CA;&#x17B7;&#x178F; 2011 C175</subfield>
    <subfield code="p">RUA043264</subfield>
    <subfield code="r">2016-08-31</subfield>
    <subfield code="y">KB</subfield>
  </datafield>
  <datafield tag="952" ind1=" " ind2=" ">
    <subfield code="0">0</subfield>
    <subfield code="1">0</subfield>
    <subfield code="4">0</subfield>
    <subfield code="6">550_000000000000000_&#x17A2;&#x17B7;&#x178F;_2011_C175</subfield>
    <subfield code="7">0</subfield>
    <subfield code="9">51137</subfield>
    <subfield code="a">LBC</subfield>
    <subfield code="b">LBC</subfield>
    <subfield code="c">C175</subfield>
    <subfield code="d">2016-08-31</subfield>
    <subfield code="o">550 &#x17A2;&#x17CA;&#x17B7;&#x178F; 2011 C175</subfield>
    <subfield code="p">RUA44176</subfield>
    <subfield code="r">2016-10-14</subfield>
    <subfield code="y">KB</subfield>
  </datafield>
</record>
